| 000 | 00822nam a2200241Ia 4500 | ||
|---|---|---|---|
| 003 | OSt | ||
| 005 | 20220926021841.0 | ||
| 006 | a|||||r|||| 00| 0 | ||
| 007 | ta | ||
| 008 | 220923b |||||||| |||| 00| 0 eng d | ||
| 037 | _cGeneral Book | ||
| 040 |
_aRTL _cRTL _beng |
||
| 041 |
_2eng _aeng |
||
| 082 | _aX:9581.1N45.N72r, L2,9 UN | ||
| 110 |
_aUNITED NATIONS, JOINT STAFF PENSION(-Board). GENERAL ASSEMBLY, OFFICIAL RECORDS : 27th SESSION _9326952 |
||
| 245 | 0 | _aReport | |
| 260 |
_aNew York _bUnited Nations _c1972 |
||
| 300 |
_aiv,37p _ccm. |
||
| 500 | _aSupp. no . 9 (A/8709) | ||
| 700 |
_aUNITED NATIONS, JOINT STAFF PENSION(-Board). GENERAL ASSEMBLY, OFFICIAL RECORDS : 27th SESSION _9326953 |
||
| 942 |
_hX:9581.1N45.N72r, L2,9 UN _cGB _2CC |
||
| 999 |
_c637811 _d637811 |
||